000 00494nam a2200181 a 4500
003 OSt
005 20140311163005.0
008 040414s19uu xx 00 eng d
020 _a9780824386488
050 _aG 115.A1
_b.K367 2003
100 _aKay, H. Kenner
_930649
245 _aSelling tourism /
_cH. Kenner Kay.
260 _aCanada :
_bThomson Delmar Learning,
_c2003.
300 _a221 p. :
_c26 cm.
650 _aTourism
_xMarketing.
_930650
942 _cBK
_2lcc
_kFOR
999 _c39291
_d39291